[Event "Landesliga Sued 0405"]
[Site "Bayern"]
[Date "2005.03.13"]
[Round "8.2"]
[White "Reis, Thomas"]
[Black "Schuette, Manfred"]
[Result "0-1"]
[WhiteElo "2147"]
[BlackElo "2233"]
[PlyCount "114"]
[EventDate "2004.10.24"]
[EventType "team-tourn"]
[EventRounds "9"]
[EventCountry "GER"]
[SourceTitle "EXT 2007"]
[Source "ChessBase"]
[SourceDate "2006.11.23"]
[SourceVersion "1"]
[SourceVersionDate "2006.11.23"]
[SourceQuality "1"]
[WhiteTeam "Kriegshaber SK"]
[BlackTeam "Bayern Muenchen II"]
[WhiteTeamCountry "GER"]
[BlackTeamCountry "GER"]

1. e4 c5 2. Nf3 d6 3. d3 g6 4. g3 Bg7 5. Bg2 Nf6 6. 0-0 Nc6 7. Re1 0-0 8. c3 e5 9. a4 Re8 10. Na3 b6 11. Nc4 Ba6 12. Nfd2 Qc7 13. Rb1 Rad8 14. b4 Bb7 15. b5 Ne7 16. Qc2 Rf8 17. Nf1 Ne8 18. f4 f5 19. exf5 Bxg2 20. Kxg2 Nxf5 21. fxe5 d5 22. Nce3 Qxe5 23. Bd2 d4 24. Qb3+ Kh8 25. Ng4 Qc7 26. c4 h5 27. Nf2 Qf7 28. Ne4 Nfd6 29. Ng5 Qf2+ 30. Kh1 Nc7 31. Qd1 Rde8 32. Nh3 Qf5 33. Nf4 Rxe1 34. Bxe1 Ne6 35. Bd2 Ng5 36. Rb2 Nh3 37. Kg2 Ng5 38. h4 Ngf7 39. g4 hxg4 40. Ng3 Qf6 41. Qxg4 Ne5 42. Qg5 Kh7 43. Rb3 Bh6 44. Qxh6+ Kxh6 45. Nd5+ Kg7 46. Nxf6 Rxf6 47. Ne2 Nf3 48. Bg5 Ne1+ 49. Kg1 Rf3 50. Nc1 Nf5 51. a5 Ne3 52. axb6 axb6 53. Bd8 Kf7 54. Bxb6 Rf1+ 55. Kh2 Rf2+ 56. Kg1 Rg2+ 57. Kh1 Nf3 0-1

[Event "Landesliga Sued 0304"]
[Site "Bayern"]
[Date "2003.11.23"]
[Round "3.5"]
[White "Nussbaecher, Andreas"]
[Black "Schuette, Manfred"]
[Result "1-0"]
[WhiteElo "2122"]
[BlackElo "2193"]
[PlyCount "79"]
[EventDate "2003.10.12"]
[EventType "team-tourn"]
[EventRounds "9"]
[EventCountry "GER"]
[SourceTitle "EXT 2006"]
[Source "ChessBase"]
[SourceDate "2005.11.24"]
[SourceVersion "1"]
[SourceVersionDate "2005.11.24"]
[SourceQuality "1"]
[WhiteTeam "Muenchen 36"]
[BlackTeam "Bayern Muenchen II"]
[WhiteTeamCountry "GER"]
[BlackTeamCountry "GER"]

1. e4 c5 2. Nf3 d6 3. d4 cxd4 4. Nxd4 Nf6 5. Nc3 g6 6. Be3 Bg7 7. f3 0-0 8. Qd2 Nc6 9. 0-0-0 Nxd4 10. Bxd4 Be6 11. Kb1 Qc7 12. g4 Rfc8 13. g5 Nh5 14. Bxg7 Nxg7 15. Nd5 Bxd5 16. exd5 Qc5 17. Bh3 Rc7 18. Rhe1 a5 19. Re4 b5 20. c3 Rb8 21. Qd4 Qxd4 22. Rdxd4 Ne8 23. a3 h6 24. f4 hxg5 25. fxg5 f5 26. gxf6 Nxf6 27. Re3 Kg7 28. Bf1 Kf7 29. Rg3 Rc5 30. Rg5 Rh8 31. Bd3 Rxh2 32. Bxg6+ Kf8 33. Bc2 Re2 34. Bb3 a4 35. Ba2 Ne4 36. Rf5+ Ke8 37. Kc1 Nxc3 38. bxc3 Rxc3+ 39. Kb1 Rxa3 40. Rb4 1-0

[Event "Bayern-chI Bank Hofmann 7th"]
[Site "Bad Wiessee"]
[Date "2003.11.11"]
[Round "4"]
[White "Schenk, Andreas"]
[Black "Schuette, Manfred"]
[Result "1/2-1/2"]
[WhiteElo "2499"]
[BlackElo "2291"]
[PlyCount "66"]
[EventDate "2003.11.08"]
[EventType "swiss"]
[EventRounds "9"]
[EventCountry "GER"]
[SourceTitle "EXT 2004"]
[Source "ChessBase"]
[SourceDate "2003.11.25"]
[SourceVersion "1"]
[SourceVersionDate "2003.11.25"]
[SourceQuality "1"]

1. d4 Nf6 2. Bg5 d5 3. Bxf6 exf6 4. e3 Bd6 5. c4 dxc4 6. Bxc4 0-0 7. Nc3 c6 8. Nge2 Be6 9. Bxe6 fxe6 10. Qb3 Qe7 11. 0-0 Na6 12. Ne4 Bc7 13. Rac1 Rae8 14. Rfd1 Kh8 15. a3 Rf7 16. Rd3 Rd8 17. Rcd1 Qe8 18. Kh1 Bb8 19. Qc4 Rfd7 20. N2g3 h6 21. b4 Bxg3 22. Nxg3 e5 23. dxe5 Rxd3 24. Rxd3 Rxd3 25. Qxd3 Qxe5 26. h4 Qc7 27. Nf5 c5 28. b5 c4 29. Qe4 c3 30. Qe8+ Kh7 31. Ne7 Qc4 32. Qg6+ Kh8 33. Qe8+ Kh7 1/2-1/2

[Event "Landesliga Sued 0304"]
[Site "Bayern"]
[Date "2003.11.02"]
[Round "2.5"]
[White "Schuette, Manfred"]
[Black "Grimberg, Boris"]
[Result "1-0"]
[WhiteElo "2193"]
[BlackElo "1931"]
[PlyCount "39"]
[EventDate "2003.10.12"]
[EventType "team-tourn"]
[EventRounds "9"]
[EventCountry "GER"]
[SourceTitle "EXT 2006"]
[Source "ChessBase"]
[SourceDate "2005.11.24"]
[SourceVersion "1"]
[SourceVersionDate "2005.11.24"]
[SourceQuality "1"]
[WhiteTeam "Bayern Muenchen II"]
[BlackTeam "Haunstetten"]
[WhiteTeamCountry "GER"]
[BlackTeamCountry "GER"]

1. c4 e6 2. Nf3 Nf6 3. Nc3 d5 4. e3 Be7 5. b3 0-0 6. Bb2 b6 7. d4 Bb7 8. Bd3 dxc4 9. bxc4 c5 10. 0-0 cxd4 11. exd4 Nc6 12. Qe2 Rc8 13. Rac1 Nxd4 14. Nxd4 Qxd4 15. Nd5 Qc5 16. Bd4 Qd6 17. Bxf6 gxf6 18. Bxh7+ Kh8 19. Qh5 Qe5 20. Bf5+ 1-0

[Event "Landesliga Sued 0304"]
[Site "Bayern"]
[Date "2003.10.12"]
[Round "1.5"]
[White "Schuette, Manfred"]
[Black "Boehm, Uwe"]
[Result "1-0"]
[WhiteElo "2193"]
[BlackElo "2138"]
[PlyCount "67"]
[EventDate "2003.10.12"]
[EventType "team-tourn"]
[EventRounds "9"]
[EventCountry "GER"]
[SourceTitle "EXT 2006"]
[Source "ChessBase"]
[SourceDate "2005.11.24"]
[SourceVersion "1"]
[SourceVersionDate "2005.11.24"]
[SourceQuality "1"]
[WhiteTeam "Bayern Muenchen II"]
[BlackTeam "Muenchen Siemens"]
[WhiteTeamCountry "GER"]
[BlackTeamCountry "GER"]

1. c4 c6 2. Nc3 d5 3. e3 e6 4. Nf3 Nf6 5. b3 Nbd7 6. Bb2 Bd6 7. Qc2 0-0 8. Be2 Qe7 9. Rg1 dxc4 10. bxc4 Re8 11. g4 Ne5 12. g5 Nxf3+ 13. Bxf3 Nd7 14. Ne4 Be5 15. d4 Bc7 16. 0-0-0 e5 17. d5 cxd5 18. Rxd5 Kh8 19. c5 Rb8 20. Nd6 Bxd6 21. cxd6 Qe6 22. Qe4 f5 23. Qh4 e4 24. g6 Nf8 25. Qh6 Qd7 26. gxh7 Ne6 27. Be2 Rf8 28. Qg6 Qf7 29. Qh6 Qd7 30. Rc5 Rf7 31. Rc2 Qxd6 32. Bc4 Rc7 33. Bxe6 Rxc2+ 34. Kxc2 1-0